[Event "Olympiad-35"]
[Site "Bled"]
[Date "2002.11.02"]
[Round "8.4"]
[White "Molina, Jorge"]
[Black "Chikwanda, Wisdom"]
[Result "1/2-1/2"]
[WhiteElo "2258"]
[BlackElo "2016"]
[PlyCount "105"]
[EventDate "2002.10.26"]
[EventType "team-swiss"]
[EventRounds "14"]
[EventCountry "SLO"]
[SourceTitle "EXT 2003"]
[Source "ChessBase"]
[SourceDate "2002.11.25"]
[SourceVersion "1"]
[SourceVersionDate "2002.11.25"]
[SourceQuality "1"]
[WhiteTeam "Bolivia"]
[BlackTeam "Zimbabwe"]
[WhiteTeamCountry "BOL"]
[BlackTeamCountry "ZIM"]

1. Nf3 Nf6 2. c4 e6 3. Nc3 b6 4. g3 Bb7 5. Bg2 Be7 6. 0-0 0-0 7. b3 c5 8. Bb2 d5 9. cxd5 exd5 10. d4 Nbd7 11. Rc1 Re8 12. Rc2 Rc8 13. Qc1 a6 14. Rd1 Rc7 15. Bh3 Bf8 16. Qf4 Ne4 17. dxc5 Bxc5 18. Nxe4 Rxe4 19. Qd2 Nf6 20. Bf5 Re8 21. b4 Be7 22. Rxc7 Qxc7 23. Rc1 Qd6 24. a3 Ne4 25. Qc2 Bf6 26. Nd4 g6 27. Bh3 Qe7 28. e3 Ng5 29. Bg2 Rc8 30. Qd1 Rxc1 31. Qxc1 Qd7 32. Qc2 Ne4 33. h3 Qc8 34. Qxc8+ Bxc8 35. g4 b5 36. f4 Bb7 37. Bxe4 dxe4 38. Kf2 Bh4+ 39. Ke2 Bd5 40. Kd2 Bc4 41. Nc6 h5 42. Nb8 Bf1 43. Nxa6 Bxh3 44. gxh5 gxh5 45. Nc7 Bf1 46. Nd5 f5 47. Nf6+ Bxf6 48. Bxf6 Kf7 49. Bh4 Ke6 50. Kc3 Kd5 51. Kb3 Be2 52. Kc3 Bd1 53. Bf6 1/2-1/2

[Event "Olympiad-35"]
[Site "Bled"]
[Date "2002.10.28"]
[Round "3.3"]
[White "Yarmonov, Igor"]
[Black "Chikwanda, Wisdom"]
[Result "1/2-1/2"]
[WhiteElo "2355"]
[BlackElo "2016"]
[PlyCount "122"]
[EventDate "2002.10.26"]
[EventType "team-swiss"]
[EventRounds "14"]
[EventCountry "SLO"]
[SourceTitle "EXT 2003"]
[Source "ChessBase"]
[SourceDate "2002.11.25"]
[SourceVersion "1"]
[SourceVersionDate "2002.11.25"]
[SourceQuality "1"]
[WhiteTeam "IPCA"]
[BlackTeam "Zimbabwe"]
[BlackTeamCountry "ZIM"]

1. d4 Nf6 2. c4 e6 3. Nc3 Bb4 4. Bg5 h6 5. Bh4 Bxc3+ 6. bxc3 c5 7. Nf3 Qe7 8. e3 d6 9. Bg3 Ne4 10. dxc5 dxc5 11. Be5 Nc6 12. Bxg7 Rg8 13. Qc2 Nxf2 14. Qh7 Rxg7 15. Qxg7 Nxh1 16. Rd1 b6 17. Qxh6 Bb7 18. Be2 Rd8 19. Qh8+ Qf8 20. Rxd8+ Nxd8 21. Qxf8+ Kxf8 22. Kf1 Nc6 23. Kg1 Ng3 24. hxg3 Ba6 25. g4 Na5 26. Nd2 Kg7 27. Kf2 Nc6 28. Kg3 Ne5 29. g5 Ng6 30. Kg4 Ne5+ 31. Kg3 Kh7 32. a3 Kg7 33. Kf4 Ng6+ 34. Kg4 Ne5+ 35. Kg3 Kh7 36. Nf3 Nxc4 37. Kf4 Kg7 38. Ne5 Nxe5 39. Bxa6 f6 40. gxf6+ Kxf6 41. g4 Nf7 42. Bc4 Ng5 43. e4 e5+ 44. Ke3 Nh3 45. Ba6 Kg5 46. Bc8 Nf4 47. Bf5 Ng2+ 48. Kd3 Kf4 49. Kc4 Ne3+ 50. Kb5 Nxg4 51. Ka6 Nf6 52. Kxa7 Nxe4 53. Bg6 Nxc3 54. Kxb6 e4 55. Kxc5 e3 56. Bh5 Ke5 57. Kc4 Nd5 58. Kc5 Nc3 59. Bg4 e2 60. Bxe2 Nxe2 61. a4 Nd4 1/2-1/2